[Event "15. Obert Int. Sant Marti 2013"]
[Site "Barcelona ESP"]
[Date "2013.07.20"]
[Round "8.23"]
[White "Dukaczewski, Piotr"]
[Black "Galopoulos, Nikolaos"]
[Result "1-0"]
[WhiteElo "2226"]
[BlackElo "2343"]
[PlyCount "97"]
[EventDate "2013.07.13"]
[EventType "swiss"]
[EventRounds "9"]
[EventCountry "ESP"]
[SourceTitle "Ajedrez en Madrid"]
[Source "lmi"]
[SourceDate "2013.07.13"]
[SourceVersion "1"]
[SourceVersionDate "2019.06.21"]
[SourceQuality "1"]

1. c4 Nf6 2. Nc3 e6 3. e4 e5 4. d3 Bc5 5. g3 d6 6. Bg2 Ng4 7. Nh3 h5 8. f3 Ne3
9. Qe2 Nxg2+ 10. Qxg2 Nc6 11. Rf1 Nb4 12. Kd2 a6 13. a3 Nc6 14. b4 Ba7 15. f4
Nd4 16. Rb1 c6 17. Ng1 b5 18. Nge2 Nxe2 19. Qxe2 Bg4 20. Qg2 bxc4 21. dxc4 h4
22. Kc2 hxg3 23. hxg3 Qb6 24. fxe5 Qd4 25. exd6 Qxc4 26. Rf4 Qe6 27. e5 Kd7 28.
Bd2 Bf5+ 29. Rxf5 Qxf5+ 30. Qe4 Rh5 31. Re1 Re8 32. Bf4 f6 33. g4 Qxg4 34. Qc4
Qg6+ 35. Kb2 fxe5 36. Qxa6 Bd4 37. Qb7+ Ke6 38. Qxc6 Kf7 39. Qc7+ Kg8 40. d7
Rf8 41. d8=Q Rxd8 42. Qxd8+ Kh7 43. Bd2 Qd3 44. Kc1 Qc4 45. Qd5 Qa6 46. a4 Bxc3
47. Bxc3 Qxa4 48. Rg1 Qa3+ 49. Kd2 1-0

[Event "15. Obert Int. Sant Marti 2013"]
[Site "Barcelona ESP"]
[Date "2013.07.20"]
[Round "8.24"]
[White "Perez Mitjans, Orelvis"]
[Black "Haug, Johannes"]
[Result "0-1"]
[WhiteElo "2495"]
[BlackElo "2042"]
[PlyCount "132"]
[EventDate "2013.07.13"]
[EventType "swiss"]
[EventRounds "9"]
[EventCountry "ESP"]
[SourceTitle "Ajedrez en Madrid"]
[Source "lmi"]
[SourceDate "2013.07.13"]
[SourceVersion "1"]
[SourceVersionDate "2019.06.21"]
[SourceQuality "1"]

1. e4 c6 2. Nf3 d5 3. exd5 cxd5 4. Ne5 Nc6 5. d4 e6 6. Bb5 Qc7 7. O-O Bd6 8.
Qg4 Bxe5 9. dxe5 Qxe5 10. Nc3 Nge7 11. Bf4 Qf6 12. Bg5 Qf5 13. Qh4 Ng6 14. Qg3
Qe5 15. f4 Qd6 16. f5 Qxg3 17. hxg3 Nge7 18. f6 gxf6 19. Bxf6 Rg8 20. Bd3 a6
21. Na4 b5 22. Nb6 Rb8 23. Nxc8 Nxc8 24. a4 Nd6 25. axb5 axb5 26. Kh2 Kd7 27.
Rf4 Ra8 28. Raf1 h5 29. Rh4 Ne7 30. Rxh5 Nef5 31. Be5 Nc4 32. Bf4 Ncd6 33. Kh3
Rh8 34. g4 Ng7 35. Rxh8 Rxh8+ 36. Kg3 Nge8 37. Be5 Rf8 38. g5 Nc4 39. Bc3 Ned6
40. Kf4 Re8 41. b3 e5+ 42. Kg3 e4 43. Be2 Ne3 44. Rf6 Nxc2 45. Bg4+ Kc6 46. Rf2
Ne3 47. Bh3 Nd1 48. Rc2 Nxc3 49. Rxc3+ Nc4 50. bxc4 bxc4 51. Bg4 Kc5 52. Be2
Rb8 53. Rc2 Kd4 54. Bh5 Kd3 55. Rc1 d4 56. Rd1+ Ke3 57. Re1+ Kd3 58. Bxf7 c3
59. g6 c2 60. g7 Kd2 61. Rh1 c1=Q 62. Rxc1 Kxc1 63. g8=Q Rxg8+ 64. Bxg8 Kd2 65.
Bc4 e3 66. Kf3 d3 0-1

[Event "15. Obert Int. Sant Marti 2013"]
[Site "Barcelona ESP"]
[Date "2013.07.20"]
[Round "8.25"]
[White "Blandon Villa, Diego F"]
[Black "Perpinya Rofes, Lluis Maria"]
[Result "0-1"]
[WhiteElo "2196"]
[BlackElo "2400"]
[PlyCount "94"]
[EventDate "2013.07.13"]
[EventType "swiss"]
[EventRounds "9"]
[EventCountry "ESP"]
[SourceTitle "Ajedrez en Madrid"]
[Source "lmi"]
[SourceDate "2013.07.13"]
[SourceVersion "1"]
[SourceVersionDate "2019.06.21"]
[SourceQuality "1"]

1. c4 g6 2. Nc3 Bg7 3. Nf3 d6 4. g3 Nf6 5. Bg2 O-O 6. O-O Nc6 7. Rb1 a5 8. a3
e5 9. d3 Re8 10. Bg5 h6 11. Bxf6 Bxf6 12. b4 axb4 13. axb4 Bg7 14. b5 Ne7 15.
Qb3 Be6 16. Nd2 c6 17. Rfc1 d5 18. Qb4 Bf8 19. Qb2 Bg7 20. Nb3 Qd6 21. bxc6
bxc6 22. cxd5 Nxd5 23. Ne4 Qe7 24. Rxc6 Nb4 25. Rc5 Rab8 26. Ned2 e4 27. d4 e3
28. fxe3 Bxb3 29. Qxb3 Na6 30. Rb5 Rxb5 31. Qxb5 Qxe3+ 32. Kh1 Rb8 33. Bb7 Nc7
34. Qc6 Ne6 35. Nf3 Qxe2 36. Re1 Qf2 37. Qe4 Nd8 38. Ba6 Rb2 39. Bf1 Ne6 40.
Qe3 Qc2 41. Re2 Qd1 42. Kg2 Rb3 43. Qd2 Qa1 44. Rf2 Nxd4 45. Nxd4 Bxd4 46. Bc4
Qa8+ 47. Kf1 Rb1+ 0-1

[Event "15. Obert Int. Sant Marti 2013"]
[Site "Barcelona ESP"]
[Date "2013.07.20"]
[Round "8.26"]
[White "Pellus Ruiz, Josep"]
[Black "Lovik, Lasse Ostebo"]
[Result "0-1"]
[WhiteElo "2171"]
[BlackElo "2311"]
[PlyCount "92"]
[EventDate "2013.07.13"]
[EventType "swiss"]
[EventRounds "9"]
[EventCountry "ESP"]
[SourceTitle "Ajedrez en Madrid"]
[Source "lmi"]
[SourceDate "2013.07.13"]
[SourceVersion "1"]
[SourceVersionDate "2019.06.21"]
[SourceQuality "1"]

1. c4 c5 2. g3 Nc6 3. Bg2 g6 4. Nc3 Bg7 5. e4 e6 6. Nge2 Nge7 7. d3 O-O 8. Be3
Nd4 9. O-O a6 10. f4 d6 11. Qd2 Rb8 12. Bf2 Nec6 13. Rac1 b6 14. Nxd4 Nxd4 15.
Ne2 Nxe2+ 16. Qxe2 Bb7 17. Rcd1 Qc7 18. b3 b5 19. Kh1 Rfe8 20. d4 cxd4 21. Bxd4
Bxd4 22. Rxd4 e5 23. fxe5 Rxe5 24. Qd2 Re6 25. Rd1 bxc4 26. Rxc4 Qe7 27. Qc2
Rd8 28. Rc7 Rd7 29. Rxd7 Qxd7 30. Qd3 Qe7 31. Kg1 Bxe4 32. Bxe4 Rxe4 33. Qxa6
Re2 34. Qc8+ Kg7 35. Qc3+ f6 36. Rd2 Re1+ 37. Kf2 Rh1 38. Kg2 Qe4+ 39. Kh3 Qe6+
40. Kg2 Qe1 41. Qd3 Rg1+ 42. Kf3 Qe5 43. Qxd6 Qf5+ 44. Qf4 Rf1+ 45. Rf2 Qd5+
46. Kg4 Qh5# 0-1

[Event "15. Obert Int. Sant Marti 2013"]
[Site "Barcelona ESP"]
[Date "2013.07.20"]
[Round "8.27"]
[White "Blandon, Luis Guillermo"]
[Black "Uribe Arteaga, Daniel"]
[Result "1-0"]
[WhiteElo "1993"]
[BlackElo "2274"]
[PlyCount "97"]
[EventDate "2013.07.13"]
[EventType "swiss"]
[EventRounds "9"]
[EventCountry "ESP"]
[SourceTitle "Ajedrez en Madrid"]
[Source "lmi"]
[SourceDate "2013.07.13"]
[SourceVersion "1"]
[SourceVersionDate "2019.06.21"]
[SourceQuality "1"]

1. e4 e5 2. Nf3 Nc6 3. Bb5 a6 4. Ba4 Nf6 5. O-O b5 6. Bb3 Be7 7. Re1 d6 8. c3
O-O 9. h3 Nb8 10. d4 Nbd7 11. Nbd2 Bb7 12. Bc2 Re8 13. Nf1 Bf8 14. Ng3 g6 15.
Bd2 Bg7 16. Qc1 c5 17. d5 c4 18. Bg5 Nc5 19. h4 h5 20. Bh6 Ng4 21. Bxg7 Kxg7
22. Nf1 a5 23. Ne3 Ba6 24. b4 cxb3 25. axb3 b4 26. cxb4 axb4 27. Qd2 Nxe3 28.
Rxe3 Qb6 29. Ng5 Re7 30. Kh2 Rea7 31. f4 Nd7 32. f5 Qd4 33. Qe1 Nf6 34. Rf3
Ng4+ 35. Kh3 gxf5 36. exf5 Be2 37. f6+ Kg8 38. Bh7+ Kf8 39. Rxa7 Rxa7 40. Qc1
Qc5 41. Ne6+ fxe6 42. Qg5 Rxh7 43. f7 Nf6 44. Rxf6 Rxf7 45. dxe6 Bg4+ 46. Kh2
Bxe6 47. Rxe6 e4 48. Qh6+ Rg7 49. Qh8+ 1-0

[Event "15. Obert Int. Sant Marti 2013"]
[Site "Barcelona ESP"]
[Date "2013.07.20"]
[Round "8.28"]
[White "Zapata Arbelaez, Estiven"]
[Black "Larsen, Karsten"]
[Result "0-1"]
[WhiteElo "2001"]
[BlackElo "2270"]
[PlyCount "84"]
[EventDate "2013.07.13"]
[EventType "swiss"]
[EventRounds "9"]
[EventCountry "ESP"]
[SourceTitle "Ajedrez en Madrid"]
[Source "lmi"]
[SourceDate "2013.07.13"]
[SourceVersion "1"]
[SourceVersionDate "2019.06.21"]
[SourceQuality "1"]

1. d4 g6 2. c4 Bg7 3. Nf3 d6 4. Nc3 Nd7 5. e4 e6 6. Bd3 Ne7 7. O-O O-O 8. Rb1
h6 9. b4 e5 10. d5 f5 11. Ba3 f4 12. c5 Nf6 13. Nd2 g5 14. f3 h5 15. Be2 Ng6
16. Nc4 Ne8 17. b5 b6 18. cxd6 cxd6 19. Bb4 Rf7 20. a4 Bf8 21. a5 Nf6 22. Na4
Rb8 23. axb6 axb6 24. Rc1 Rfb7 25. Rc3 g4 26. Qc2 gxf3 27. Bxf3 Bg4 28. Qf2 Nh7
29. h3 Bxf3 30. Qxf3 Nh4 31. Qf2 Rg7 32. g3 Ng5 33. Qe2 f3 34. Qc2 Nxh3+ 35.
Kh2 Qg5 36. Rcxf3 Nxf3+ 37. Rxf3 Qg4 38. Qg2 Ng5 39. Re3 Rf7 40. Nd2 Ra8 41.
Nxb6 Ra2 42. Nbc4 Nf3+ 0-1

[Event "15. Obert Int. Sant Marti 2013"]
[Site "Barcelona ESP"]
[Date "2013.07.20"]
[Round "8.29"]
[White "Capellades Subirana, Marc"]
[Black "Pettersen, Joar Gullestad"]
[Result "1-0"]
[WhiteElo "2260"]
[BlackElo "1944"]
[PlyCount "87"]
[EventDate "2013.07.13"]
[EventType "swiss"]
[EventRounds "9"]
[EventCountry "ESP"]
[SourceTitle "Ajedrez en Madrid"]
[Source "lmi"]
[SourceDate "2013.07.13"]
[SourceVersion "1"]
[SourceVersionDate "2019.06.21"]
[SourceQuality "1"]

1. e4 e6 2. d4 d5 3. e5 c5 4. c3 Nc6 5. Nf3 Bd7 6. Bd3 Rc8 7. O-O cxd4 8. cxd4
Nb4 9. Nc3 Nxd3 10. Qxd3 a6 11. Re1 Bc6 12. Ng5 Nh6 13. Nxh7 Nf5 14. Nxf8 Qh4
15. h3 Qxd4 16. Qxd4 Nxd4 17. Nxe6 fxe6 18. Rb1 Nf5 19. Bg5 Nd4 20. Rbd1 Nb5
21. Ne2 Bd7 22. Rc1 Kf7 23. Be3 Nc7 24. Nd4 Na8 25. Nb3 b6 26. Nd4 Rc5 27. Nf3
Rcc8 28. Ng5+ Kg6 29. f4 b5 30. g4 Rc4 31. b3 Rxc1 32. Rxc1 Rc8 33. Rxc8 Bxc8
34. Kf2 a5 35. h4 a4 36. h5+ Kh6 37. Nxe6 Bxe6 38. f5+ Kh7 39. fxe6 Nc7 40. e7
Kg8 41. e6 g6 42. Bf4 Ne8 43. Be5 Kh7 44. Kg3 1-0

[Event "15. Obert Int. Sant Marti 2013"]
[Site "Barcelona ESP"]
[Date "2013.07.20"]
[Round "8.30"]
[White "Leiro Giralt, Daniel"]
[Black "Fabregas Fontanet, Antonio"]
[Result "1-0"]
[WhiteElo "2220"]
[BlackElo "2045"]
[PlyCount "77"]
[EventDate "2013.07.13"]
[EventType "swiss"]
[EventRounds "9"]
[EventCountry "ESP"]
[SourceTitle "Ajedrez en Madrid"]
[Source "lmi"]
[SourceDate "2013.07.13"]
[SourceVersion "1"]
[SourceVersionDate "2019.06.21"]
[SourceQuality "1"]

1. e4 g6 2. d4 Bg7 3. Nc3 d6 4. f4 c6 5. Nf3 Bg4 6. Be3 Nd7 7. h3 Bxf3 8. Qxf3
Qa5 9. O-O-O O-O-O 10. Kb1 e6 11. e5 d5 12. Bd3 Ne7 13. g4 f5 14. exf6 Bxf6 15.
Bd2 Qb6 16. Ne2 c5 17. c3 Rhf8 18. Be3 Qc6 19. Rhe1 e5 20. dxe5 Bxe5 21. Bc2
Bf6 22. Bf2 Nb6 23. g5 Be5 24. Qg4+ Kb8 25. Bxc5 Qxc5 26. fxe5 Nc4 27. Nd4 Rf2
28. Nb3 Qc7 29. Re2 Rdf8 30. Rxf2 Rxf2 31. Qd4 Re2 32. e6 Rxe6 33. Qh8+ Nc8 34.
Qg8 Re2 35. Rxd5 Qh2 36. Rd8 Qxh3 37. Qxc4 Re5 38. Qf4 Qe6 39. Nd4 1-0

[Event "15. Obert Int. Sant Marti 2013"]
[Site "Barcelona ESP"]
[Date "2013.07.20"]
[Round "8.31"]
[White "Guttulsrud, Odd Martin"]
[Black "Grebstad, Kjell Borre"]
[Result "1-0"]
[WhiteElo "2212"]
[BlackElo "2005"]
[PlyCount "37"]
[EventDate "2013.07.13"]
[EventType "swiss"]
[EventRounds "9"]
[EventCountry "ESP"]
[SourceTitle "Ajedrez en Madrid"]
[Source "lmi"]
[SourceDate "2013.07.13"]
[SourceVersion "1"]
[SourceVersionDate "2019.06.21"]
[SourceQuality "1"]

1. e4 d5 2. exd5 Qxd5 3. Nc3 Qa5 4. d4 Nf6 5. Bc4 c6 6. Nf3 Bf5 7. Bd2 e6 8.
Qe2 Bb4 9. O-O-O Nbd7 10. a3 Bxc3 11. Bxc3 Qc7 12. Ne5 b5 13. Bb3 Be4 14. Nxd7
Qxd7 15. d5 Bxd5 16. Bxd5 cxd5 17. Rd3 O-O 18. Bxf6 gxf6 19. Qh5 1-0

[Event "15. Obert Int. Sant Marti 2013"]
[Site "Barcelona ESP"]
[Date "2013.07.20"]
[Round "8.32"]
[White "Cervello Tost, Ferran"]
[Black "Salazar, Aura Cristina"]
[Result "0-1"]
[WhiteElo "2049"]
[BlackElo "2200"]
[PlyCount "104"]
[EventDate "2013.07.13"]
[EventType "swiss"]
[EventRounds "9"]
[EventCountry "ESP"]
[SourceTitle "Ajedrez en Madrid"]
[Source "lmi"]
[SourceDate "2013.07.13"]
[SourceVersion "1"]
[SourceVersionDate "2019.06.21"]
[SourceQuality "1"]

1. d4 Nf6 2. g3 c5 3. dxc5 g6 4. Bg2 Bg7 5. Nf3 Qa5+ 6. c3 Qxc5 7. O-O O-O 8.
Nbd2 Nc6 9. Nb3 Qh5 10. Ng5 Qg4 11. Nd4 d5 12. Nxc6 bxc6 13. Nf3 Qh5 14. Bf4
Ne4 15. Nd2 e5 16. Be3 Nf6 17. Bc5 Re8 18. e4 Bg4 19. f3 Bh3 20. Qe2 Bc8 21. g4
Qh6 22. Qf2 d4 23. cxd4 Nd7 24. Nb3 Nxc5 25. dxc5 a5 26. Rfd1 a4 27. Nd2 Be6
28. Bf1 Red8 29. Nc4 Rd4 30. Rxd4 exd4 31. Rd1 Qg5 32. Qd2 Qxc5 33. Rc1 Rb8 34.
Kg2 h5 35. h3 Kh7 36. Rc2 Bh6 37. Qd3 Bf4 38. Kh1 Rd8 39. Ne3 Qe5 40. Ng2 Bh6
41. Rxc6 hxg4 42. hxg4 Bxa2 43. Rc2 Bb1 44. f4 Bxc2 45. Qxc2 Bxf4 46. Qf2 g5
47. Bd3 Kg7 48. Kg1 Rc8 49. Nxf4 gxf4 50. Kg2 Rb8 51. Qc2 Rb3 52. Kf3 Qb5 0-1

[Event "15. Obert Int. Sant Marti 2013"]
[Site "Barcelona ESP"]
[Date "2013.07.20"]
[Round "8.33"]
[White "Fernandez Aguilar, Francisco"]
[Black "Panelo, Marcelo"]
[Result "0-1"]
[WhiteElo "2040"]
[BlackElo "2428"]
[PlyCount "62"]
[EventDate "2013.07.13"]
[EventType "swiss"]
[EventRounds "9"]
[EventCountry "ESP"]
[SourceTitle "Ajedrez en Madrid"]
[Source "lmi"]
[SourceDate "2013.07.13"]
[SourceVersion "1"]
[SourceVersionDate "2019.06.21"]
[SourceQuality "1"]

1. e4 c5 2. Nc3 Nc6 3. Bb5 e6 4. Bxc6 bxc6 5. d3 g6 6. Be3 d5 7. Bf4 Bg7 8. Nf3
Ba6 9. O-O Ne7 10. Re1 O-O 11. Qd2 c4 12. d4 c5 13. Bh6 dxe4 14. Bxg7 Kxg7 15.
Nxe4 cxd4 16. Qxd4+ Qxd4 17. Nxd4 Bb7 18. b4 Rfd8 19. Nf3 Rac8 20. a4 c3 21.
Kf1 Rc4 22. Nc5 Bxf3 23. gxf3 Rd2 24. Re4 Rxe4 25. Nxe4 Rxc2 26. b5 Nd5 27. Ra3
f5 28. Nc5 Rc1+ 29. Ke2 Nf4+ 30. Ke3 e5 31. Nd3 Rd1 0-1

[Event "15. Obert Int. Sant Marti 2013"]
[Site "Barcelona ESP"]
[Date "2013.07.20"]
[Round "8.34"]
[White "Tarrago Domingo, Miguel"]
[Black "Forsaa, Espen"]
[Result "0-1"]
[WhiteElo "2034"]
[BlackElo "2293"]
[PlyCount "80"]
[EventDate "2013.07.13"]
[EventType "swiss"]
[EventRounds "9"]
[EventCountry "ESP"]
[SourceTitle "Ajedrez en Madrid"]
[Source "lmi"]
[SourceDate "2013.07.13"]
[SourceVersion "1"]
[SourceVersionDate "2019.06.21"]
[SourceQuality "1"]

1. d4 f5 2. Nf3 Nf6 3. g3 g6 4. Bg2 Bg7 5. c4 O-O 6. Nc3 d6 7. O-O Qe8 8. Qc2
e5 9. dxe5 dxe5 10. Rd1 c6 11. e3 Na6 12. a3 e4 13. Ne1 Be6 14. b3 Ng4 15. Bb2
Nc5 16. Ne2 Ne5 17. Bxe5 Bxe5 18. Nd4 a5 19. Nxe6 Nxe6 20. Rab1 Qe7 21. a4 Rfd8
22. Bf1 Nc5 23. Rxd8+ Rxd8 24. Rd1 Kf7 25. Be2 Qc7 26. Rxd8 Qxd8 27. Qd1 Qb6
28. g4 fxg4 29. Bxg4 Ke7 30. f4 Bf6 31. Bc8 Qxb3 32. Qxb3 Nxb3 33. Bxb7 Kd7 34.
Nc2 Nc5 35. Ba8 Nxa4 36. Nd4 Bxd4 37. exd4 Nb6 38. Bb7 Nxc4 39. d5 c5 40. Kf2
Kd6 0-1

[Event "15. Obert Int. Sant Marti 2013"]
[Site "Barcelona ESP"]
[Date "2013.07.20"]
[Round "8.35"]
[White "Thakur, Akash"]
[Black "Ramirez Medina, Victor"]
[Result "1-0"]
[WhiteElo "2234"]
[BlackElo "2012"]
[PlyCount "87"]
[EventDate "2013.07.13"]
[EventType "swiss"]
[EventRounds "9"]
[EventCountry "ESP"]
[SourceTitle "Ajedrez en Madrid"]
[Source "lmi"]
[SourceDate "2013.07.13"]
[SourceVersion "1"]
[SourceVersionDate "2019.06.21"]
[SourceQuality "1"]

1. d4 d5 2. Nc3 Nf6 3. Bg5 c6 4. Qd3 g6 5. e4 dxe4 6. Nxe4 Bg7 7. Bxf6 exf6 8.
Qa3 Qe7 9. Qxe7+ Kxe7 10. O-O-O Rd8 11. Nf3 Bg4 12. Be2 Nd7 13. Rhe1 Kf8 14. h3
Bxf3 15. Bxf3 f5 16. Nd6 Rab8 17. Nc4 Nf6 18. c3 Nd5 19. Kc2 Nf4 20. a4 h5 21.
h4 Bf6 22. g3 Ne6 23. a5 a6 24. d5 cxd5 25. Bxd5 Nd4+ 26. cxd4 Rxd5 27. Nb6
Rdd8 28. d5 Re8 29. Rxe8+ Kxe8 30. f4 Rd8 31. d6 Kf8 32. b4 Bg7 33. Kb3 f6 34.
Na4 Ke8 35. Nc5 Bf8 36. Nxb7 Rd7 37. Nc5 Rxd6 38. Rxd6 Bxd6 39. Nxa6 g5 40. Nc5
gxf4 41. gxf4 Bxf4 42. a6 Bb8 43. b5 Ba7 44. Na4 1-0

[Event "15. Obert Int. Sant Marti 2013"]
[Site "Barcelona ESP"]
[Date "2013.07.20"]
[Round "8.38"]
[White "Martorell Aguado, Joan"]
[Black "Kjolberg, Jens Hjorth"]
[Result "0-1"]
[WhiteElo "2167"]
[BlackElo "1999"]
[PlyCount "112"]
[EventDate "2013.07.13"]
[EventType "swiss"]
[EventRounds "9"]
[EventCountry "ESP"]
[SourceTitle "Ajedrez en Madrid"]
[Source "lmi"]
[SourceDate "2013.07.13"]
[SourceVersion "1"]
[SourceVersionDate "2019.06.21"]
[SourceQuality "1"]

1. e4 e6 2. d3 d5 3. Nd2 Nf6 4. Ngf3 Nc6 5. g3 dxe4 6. dxe4 e5 7. Bg2 Bc5 8.
O-O O-O 9. h3 a5 10. Re1 b6 11. Nh4 Ba6 12. Nf5 Re8 13. c3 Qd7 14. g4 Red8 15.
g5 Ne8 16. Qf3 Qd3 17. Qg4 Qc2 18. Qd1 Qxd1 19. Rxd1 Rd7 20. Re1 Rad8 21. Nb3
Bf8 22. Be3 a4 23. Nc1 Rd1 24. Rxd1 Rxd1+ 25. Kh2 Na5 26. Bf3 Rd8 27. b3 a3 28.
Be2 Bxe2 29. Nxe2 Rd3 30. Rc1 g6 31. Nh4 Bc5 32. Bxc5 bxc5 33. Rc2 Nd6 34. f3
c4 35. b4 Nb3 36. Ng2 Rxf3 37. Ne1 Re3 38. Kg1 Nxe4 39. Ng2 Rd3 40. h4 Rd1+ 41.
Kh2 Na1 42. Rc1 Rd2 43. Rxa1 Rxe2 44. Rc1 Rxa2 45. Re1 Nxc3 46. Rxe5 Rb2 47.
Re8+ Kg7 48. Kh3 a2 49. h5 gxh5 50. Nh4 Rf2 51. Re1 Nb1 52. Kg3 Rd2 53. Re8
a1=Q 54. Nf5+ Kg6 55. Nh4+ Kxg5 56. Rg8+ Kf6 0-1

[Event "15. Obert Int. Sant Marti 2013"]
[Site "Barcelona ESP"]
[Date "2013.07.20"]
[Round "8.39"]
[White "Hernandez, Zaida"]
[Black "Dalo, Hermes"]
[Result "0-1"]
[WhiteElo "1998"]
[BlackElo "2148"]
[PlyCount "62"]
[EventDate "2013.07.13"]
[EventType "swiss"]
[EventRounds "9"]
[EventCountry "ESP"]
[SourceTitle "Ajedrez en Madrid"]
[Source "lmi"]
[SourceDate "2013.07.13"]
[SourceVersion "1"]
[SourceVersionDate "2019.06.21"]
[SourceQuality "1"]

1. e4 c5 2. Nf3 d6 3. Nc3 Nf6 4. d4 cxd4 5. Nxd4 e6 6. g3 Be7 7. Bg2 O-O 8. O-O
Nc6 9. h3 Bd7 10. Be3 a6 11. a4 Qc7 12. Nxc6 Bxc6 13. a5 Nd7 14. Na4 Bxa4 15.
Rxa4 Rfc8 16. c3 b5 17. axb6 Nxb6 18. Bxb6 Qxb6 19. Qa1 Ra7 20. Rd1 Bf6 21. Qa3
Be5 22. Ra1 Bxg3 23. Rxa6 Qxf2+ 24. Kh1 Rxa6 25. Qxa6 Rf8 26. Qb7 Be5 27. Qb4
Qg3 28. Kg1 Qh2+ 29. Kf2 f5 30. exf5 Rxf5+ 31. Ke3 Qg3+ 0-1

[Event "15. Obert Int. Sant Marti 2013"]
[Site "Barcelona ESP"]
[Date "2013.07.20"]
[Round "8.40"]
[White "Herms Agullo, Jordi"]
[Black "Ridameya Tatche, Jose Miguel"]
[Result "1/2-1/2"]
[WhiteElo "2130"]
[BlackElo "1991"]
[PlyCount "64"]
[EventDate "2013.07.13"]
[EventType "swiss"]
[EventRounds "9"]
[EventCountry "ESP"]
[SourceTitle "Ajedrez en Madrid"]
[Source "lmi"]
[SourceDate "2013.07.13"]
[SourceVersion "1"]
[SourceVersionDate "2019.06.21"]
[SourceQuality "1"]

1. e4 e5 2. Nf3 Nc6 3. Bb5 a6 4. Bxc6 dxc6 5. O-O Bg4 6. h3 h5 7. c3 Qf6 8. Re1
Bxf3 9. Qxf3 Qxf3 10. gxf3 O-O-O 11. Kf1 Ne7 12. Ke2 Ng6 13. d3 Be7 14. a4 Rd7
15. Na3 Rhd8 16. Rd1 Bxa3 17. Rxa3 c5 18. b3 b6 19. Be3 a5 20. Rd2 Rf8 21. Ra1
Rh8 22. Rg1 Kb7 23. Rg5 Rd6 24. Rd1 Kc6 25. Rf5 f6 26. f4 Ne7 27. fxe5 Nxf5 28.
exd6 Nxe3 29. Kxe3 cxd6 30. d4 Re8 31. d5+ Kd7 32. Rg1 g5 1/2-1/2

[Event "15. Obert Int. Sant Marti 2013"]
[Site "Barcelona ESP"]
[Date "2013.07.20"]
[Round "8.41"]
[White "Basencyan, Mark"]
[Black "Vatkali, Dimitra"]
[Result "1/2-1/2"]
[WhiteElo "2130"]
[BlackElo "1964"]
[PlyCount "120"]
[EventDate "2013.07.13"]
[EventType "swiss"]
[EventRounds "9"]
[EventCountry "ESP"]
[SourceTitle "Ajedrez en Madrid"]
[Source "lmi"]
[SourceDate "2013.07.13"]
[SourceVersion "1"]
[SourceVersionDate "2019.06.21"]
[SourceQuality "1"]

1. d4 d5 2. c4 c6 3. Nf3 Nf6 4. Nc3 dxc4 5. e3 Bf5 6. Bxc4 e6 7. O-O Be7 8. Qe2
O-O 9. e4 Bg6 10. Bd3 Nbd7 11. e5 Bxd3 12. Qxd3 Nd5 13. Nxd5 cxd5 14. h4 Bxh4
15. g3 Be7 16. Kg2 Re8 17. Rh1 Nf8 18. Rh3 Qc7 19. Bg5 Qc4 20. Qe3 Rac8 21.
Rah1 Qc2 22. Rh4 Qxb2 23. Bxe7 Rxe7 24. Qg5 Rec7 25. Rg4 Ng6 26. Qh5 h6 27.
Rxg6 fxg6 28. Qxg6 Rc2 29. Qxe6+ Kh8 30. Rxh6+ gxh6 31. Qxh6+ Kg8 32. Qg6+ Kf8
33. Qf6+ Kg8 34. Kh3 Rxf2 35. Qe6+ Kg7 36. Qd7+ Kh6 37. Qe6+ Kg7 38. Qxc8 Qe2
39. Qxb7+ Kh8 40. Qa8+ Kg7 41. Qxa7+ Kh8 42. Qb8+ Kg7 43. Qc7+ Kf8 44. Qd6+ Ke8
45. Qe6+ Kf8 46. Qc8+ Ke7 47. Qc7+ Ke8 48. Qc6+ Ke7 49. Qd6+ Ke8 50. Qc6+ Ke7
51. Qb7+ Ke8 52. Qb8+ Ke7 53. Qd6+ Ke8 54. Qe6+ Kf8 55. Qf5+ Ke7 56. Qh7+ Ke8
57. Qg8+ Ke7 58. Qg7+ Ke8 59. Qg6+ Ke7 60. Qf6+ Ke8 1/2-1/2

[Event "15. Obert Int. Sant Marti 2013"]
[Site "Barcelona ESP"]
[Date "2013.07.20"]
[Round "8.42"]
[White "Manelidou, Maria"]
[Black "Tahay, Alexis"]
[Result "1-0"]
[WhiteElo "2030"]
[BlackElo "1944"]
[PlyCount "121"]
[EventDate "2013.07.13"]
[EventType "swiss"]
[EventRounds "9"]
[EventCountry "ESP"]
[SourceTitle "Ajedrez en Madrid"]
[Source "lmi"]
[SourceDate "2013.07.13"]
[SourceVersion "1"]
[SourceVersionDate "2019.06.21"]
[SourceQuality "1"]

1. e4 c5 2. Nf3 d6 3. d4 cxd4 4. Nxd4 Nf6 5. f3 Nc6 6. c4 e6 7. Nc3 Be7 8. Be3
O-O 9. Be2 a6 10. O-O Bd7 11. Qd2 Rc8 12. Rac1 Qc7 13. Rfd1 Rfe8 14. Bf1 Qb8
15. Kh1 Rcd8 16. Qf2 Rc8 17. b3 Bd8 18. g4 h6 19. Nde2 Nh7 20. Ng3 Bc7 21. Na4
b5 22. cxb5 axb5 23. Nb6 Bxb6 24. Bxb6 Ne5 25. Bd4 Rxc1 26. Rxc1 Rc8 27. Rd1
Nc6 28. Bb2 Be8 29. Qd2 Rd8 30. Be2 d5 31. Qc3 d4 32. Qc5 Qd6 33. Qxd6 Rxd6 34.
Bxb5 e5 35. Nf5 Re6 36. Rc1 g6 37. Bxc6 gxf5 38. Bxe8 Rxe8 39. gxf5 Nf6 40. Rc6
Kg7 41. f4 Nxe4 42. fxe5 Nc3 43. Bxc3 dxc3 44. Rxc3 Rxe5 45. Rf3 Re2 46. a4 Ra2
47. f6+ Kg6 48. Kg1 Kg5 49. h3 Kh4 50. Kf1 h5 51. Ke1 Kg5 52. Kd1 h4 53. Ke1
Kh5 54. Rf2 Ra3 55. Rb2 Kg5 56. Kd2 Kxf6 57. Kc3 Ke5 58. Re2+ Kf4 59. Rf2+ Kg3
60. Rxf7 Kxh3 61. Rh7 1-0

[Event "15. Obert Int. Sant Marti 2013"]
[Site "Barcelona ESP"]
[Date "2013.07.20"]
[Round "8.43"]
[White "Barcelo Sola, David"]
[Black "Nadal Fajardo, Ricard"]
[Result "0-1"]
[WhiteElo "2075"]
[BlackElo "1913"]
[PlyCount "86"]
[EventDate "2013.07.13"]
[EventType "swiss"]
[EventRounds "9"]
[EventCountry "ESP"]
[SourceTitle "Ajedrez en Madrid"]
[Source "lmi"]
[SourceDate "2013.07.13"]
[SourceVersion "1"]
[SourceVersionDate "2019.06.21"]
[SourceQuality "1"]

1. e4 c5 2. Nf3 Nc6 3. Bb5 d6 4. d4 cxd4 5. Qxd4 Bd7 6. Bxc6 Bxc6 7. Nc3 Nf6 8.
Bg5 e5 9. Qd3 Be7 10. O-O-O Qa5 11. Nd2 Rd8 12. Nc4 Qc7 13. Bxf6 Bxf6 14. Nxd6+
Kf8 15. f4 exf4 16. Rhe1 Be5 17. Ncb5 Bxb5 18. Nxb5 Rxd3 19. Nxc7 Rxd1+ 20.
Rxd1 Bxc7 21. Rd7 Bb6 22. c4 g5 23. b4 Be3+ 24. Kc2 Kg7 25. c5 a5 26. a3 axb4
27. axb4 Rb8 28. Kd3 b5 29. e5 Kg6 30. Ke4 g4 31. Rd6+ Kg5 32. Rf6 Re8 33. Rd6
Ra8 34. Rd7 Ra4 35. Rxf7 Rxb4+ 36. Kd5 Rd4+ 37. Ke6 Rc4 38. Rg7+ Kh6 39. Rxg4
f3 40. Rg3 f2 41. Rh3+ Kg6 42. Rg3+ Bg5 43. Rf3 Rf4 0-1